Washington goes to war

Сохранить в:
Библиографические подробности
Главный автор: Brinkley, David
Формат:
Язык:Undetermined
Опубликовано: New York Ballantine Books 1988
Предметы:
Метки: Добавить метку
Нет меток, Требуется 1-ая метка записи!
Thư viện lưu trữ: Trung tâm Học liệu Trường Đại học Cần Thơ
LEADER 00504nam a2200193Ia 4500
001 CTU_86057
008 210402s9999 xx 000 0 und d
082 |a 975.3 
082 |b B858 
100 |a Brinkley, David 
245 0 |a Washington goes to war 
245 0 |c David Brinkley 
260 |a New York 
260 |b Ballantine Books 
260 |c 1988 
650 |a World war, 1939-1945 
650 |z Washington (D.C.) 
904 |i Mai Loan 
980 |a Trung tâm Học liệu Trường Đại học Cần Thơ